Statistics for 参与国际人类基因组测序联盟的20个机构 20 insts of the Human Genome Project

Click here to take the quiz!

General Stats

  • This quiz has been taken 3 times
  • The average score is 4 of 20

Answer Stats

HintAnswer% Correct
中国中国科学院
100%
美国斯坦福大学
67%
美国麻省理工学院
33%
美国冷泉港实验室
33%
美国美国能源部
33%
日本庆应义塾大学
33%
美国华盛顿大学
33%
美国斯坦福医学院
33%
德国马克斯·普朗克科学促进学会
0%
美国俄克拉何马大学
0%
美国得克萨斯大学奥斯汀分校
0%
美国系统生物学研究所
0%
英国惠康基金会
0%
德国弗里茨·李普曼研究所
0%
美国赛默飞世尔科技
0%
法国原子能和替代能源委员会
0%
日本理化学研究所
0%
美国贝勒医学院
0%
美国圣路易斯华盛顿大学
0%
德国亥姆霍兹传染病研究中心
0%

Score Distribution

Percentile by Number Answered

Percent of People with Each Score

Your Score History

You have not taken this quiz